Reglamento interior / Residencia de Estudiantes de la Universidad Industrial
Descripción Física:
11 p. ; 18 cm
Otros Autores:
Residència Universitària Ramon Llull (Barcelona)
MARC
| LEADER | 00000nam a2200000Ia 4500 | ||
|---|---|---|---|
| 001 | 22413 | ||
| 008 | 160829s193- ?] xx 000 0 cat d | ||
| 080 | |a RF-15-90 | ||
| 100 | |a Residencia de Estudiantes de la Universidad Industrial (Barcelona) |9 26492 | ||
| 245 | |a Reglamento interior / Residencia de Estudiantes de la Universidad Industrial | ||
| 260 | |a Barcelona : |b [s.n., |c 193- ?] | ||
| 300 | |a 11 p. ; |c 18 cm | ||
| 590 | |a Prové de S-316, exp. 4 | ||
| 650 | |a Residència Universitària Ramon Llull (Barcelona) |x Reglaments i procediment |9 26493 | ||
| 700 | |a Residència Universitària Ramon Llull (Barcelona) | ||
| 856 | 4 | |u https://media.diba.cat/diba/fitxers/arxiu/fulletons/bib_22413_baixa.pdf |y Accés lliure | |
| 856 | 4 | |u https://media.diba.cat/diba/fitxers/arxiu/fulletons/bib_22413_baixa.pdf |y Accés lliure | |
| 901 | |a Arxiu | ||
| 942 | |n 1 |2 udc | ||
| 952 | |0 0 |1 0 |4 0 |6 RF1590 |7 1 |9 53852 |a Arxiu |b Arxiu |d 2016-12-01 |l 0 |o RF-15-90 |p 22413 |r 2016-12-01 00:00:00 |w 2016-12-01 |y ARXIU | ||
| 999 | |c 57718 |d 57718 | ||
| 900 | |a bib_22413_baixa.pdf | ||